[Event "Festival de la Juventud U12"]
[Site "Hermosillo"]
[Date "2002.03.30"]
[Round "6"]
[White "Martinez Esparza, Francisco Alejandro"]
[Black "Aguirre Manzo, Leopoldo Antonio"]
[Result "0-1"]
[WhiteElo "1458"]
[BlackElo "1442"]
[PlyCount "66"]
[EventDate "2002.03.26"]
[EventType "swiss"]
[EventRounds "6"]
[EventCountry "MEX"]
[SourceTitle "EXT 2003"]
[Source "ChessBase"]
[SourceDate "2002.11.25"]
[SourceVersion "1"]
[SourceVersionDate "2002.11.25"]
[SourceQuality "1"]

1. e4 g6 2. d4 Bg7 3. Nf3 d6 4. Be2 Nf6 5. Nc3 c6 6. Bg5 Bg4 7. Qd2 Nbd7 8. Bh6 0-0 9. h3 Bxf3 10. Bxf3 c5 11. Bg4 cxd4 12. Ne2 e5 13. Ng3 Nc5 14. Bf3 Qb6 15. b3 Rad8 16. h4 d5 17. exd5 e4 18. Bxg7 Kxg7 19. Be2 Rxd5 20. Bc4 Re5 21. 0-0-0 h5 22. Rhe1 Rd8 23. f4 Ree8 24. f5 Re5 25. Qf4 Rde8 26. fxg6 fxg6 27. Kb2 Na4+ 28. Ka1 Nc3 29. Rd2 Rc5 30. a4 Qb4 31. Kb2 Nxa4+ 32. Kc1 Qa3+ 33. Kd1 Nc3# 0-1

[Event "Festival de la Juventud U12"]
[Site "Hermosillo"]
[Date "2002.03.29"]
[Round "5"]
[White "Davila Liceaga, Josue Hiram"]
[Black "Martinez Esparza, Francisco Alejandro"]
[Result "0-1"]
[WhiteElo "1527"]
[BlackElo "1458"]
[PlyCount "110"]
[EventDate "2002.03.26"]
[EventType "swiss"]
[EventRounds "6"]
[EventCountry "MEX"]
[SourceTitle "EXT 2003"]
[Source "ChessBase"]
[SourceDate "2002.11.25"]
[SourceVersion "1"]
[SourceVersionDate "2002.11.25"]
[SourceQuality "1"]

1. e4 e6 2. d4 d5 3. Nc3 Bb4 4. e5 c5 5. a3 cxd4 6. Qxd4 Bxc3+ 7. Qxc3 Ne7 8. Bd3 Nbc6 9. Nf3 Bd7 10. 0-0 Rc8 11. Qe1 0-0 12. Bf4 Qe8 13. Qe2 Ng6 14. Bxg6 fxg6 15. Bg3 Ne7 16. Nd4 Rc4 17. c3 Nf5 18. Nxf5 gxf5 19. f4 Bb5 20. Qd2 Qg6 21. Bf2 Rd8 22. Bxa7 Re4 23. Rf2 Ra8 24. Bd4 Qg4 25. Re1 Rf8 26. Re3 Rxe3 27. Bxe3 Rc8 28. Qc1 Rc4 29. Bd4 Rc6 30. a4 Ba6 31. b4 Bc4 32. b5 Rc8 33. h3 Qh5 34. Qb1 Ra8 35. Qc2 Qh4 36. Qd1 Qe7 37. Rb2 Qa3 38. Rb4 g6 39. h4 Kg7 40. Kh2 h5 41. Kh3 Kh6 42. Kh2 Kg7 43. Kh3 Qa2 44. Bc5 Be2 45. Qb1 Qxb1 46. Rxb1 Rxa4 47. Bd4 Ra2 48. Kg3 Bd3 49. Rb3 Be4 50. Bf2 Kf7 51. b6 Ra5 52. Bd4 Ra2 53. Bf2 Rc2 54. Ra3 Rd2 55. Ra7 d4 0-1